000 01421nam a2200349 4500
001 0000023661
003 CO-CtgCURN
005 20260320144101.0
007 ta
008 160627s2013 000 0 eng d
020 _a9789588443300
040 _aCO-CtgCURN
_bspa
_ccoctgcurn
082 0 _a617.634
_bU75
245 0 0 _aUrgencias odontológicas /
_cdirectores, Olga Marcela Malagon Baquero, Gustavo Malagon-Londoño.
250 _a4a. ed.
260 _aBogotá :
_bMedica Panamericana,
_c2013.
300 _axl, 345 p.
336 _2rdacontent
337 _2rdamedia
_asin mediacion
_bn
338 _2rdacarrier
_avolumen
_bnc
504 _aIncluye bibliografias e indice.
505 8 _aAspectos generales -- Dolor -- Hemorragia -- Infecciones -- Traumatismos -- Implantes -- Estetica -- Manejo de urgencias en pacientes medicamente comprometidos -- Manejo de las urgencias en odontopediatria
590 _aElectiva I: Principios de inyectología (Odontología)
590 _aSemiología y diagnóstico (Odontología)
590 _aLínea de profundización II: Semiología y diagnóstico (Odontología)
650 1 4 _aOdontología de urgencia.
700 1 _aMalagon Baquero, Olga Marcela.
908 _a160627
942 _cBK
_h617.634
_iU75
_2ddc
_n0
999 _c23352
_d23352